[Event "Florianopolis op 9th"]
[Site "Florianopolis"]
[Date "2023.01.28"]
[Round "9"]
[White "Ludtke, Ezequiel Rodrigues"]
[Black "Kim, Andre"]
[Result "1-0"]
[WhiteElo "1538"]
[BlackElo "1198"]
[PlyCount "89"]
[EventDate "2023.01.23"]
[EventType "swiss"]
[EventRounds "10"]
[EventCountry "BRA"]
[SourceTitle "EXT 2024"]
[Source "ChessBase"]
[SourceDate "2023.10.10"]
[SourceVersion "1"]
[SourceVersionDate "2023.10.10"]
[SourceQuality "1"]

1. e4 e5 2. Nf3 Nc6 3. Bc4 Bc5 4. Nc3 Nf6 5. d3 h6 6. Be3 Bxe3 7. fxe3 d6 8. 0-0 0-0 9. h3 Qe7 10. Qe1 Be6 11. Bb3 Bxb3 12. axb3 Qd7 13. Nh4 Ne7 14. Ne2 d5 15. exd5 Qxd5 16. Ng3 e4 17. Ngf5 Nxf5 18. Nxf5 Kh7 19. d4 Qe6 20. Qh4 Ng8 21. Rf2 g6 22. Ng3 f5 23. Ne2 Qd6 24. Rff1 Ne7 25. Nc3 c6 26. Kh1 Nd5 27. Nxd5 Qxd5 28. c4 Qe6 29. Rfd1 Rfd8 30. Rxa7 g5 31. Rxb7+ Kg6 32. Qg3 Rd7 33. Rb4 Rda7 34. d5 cxd5 35. Rxd5 Rd7 36. Rxd7 Qxd7 37. Rb6+ Kh7 38. Kh2 Rc8 39. Qe5 Qc7 40. Qxc7+ Rxc7 41. g3 h5 42. Rb5 Kg6 43. c5 g4 44. Rb6+ Kg5 45. h4# 1-0

[Event "Timbo op 2nd"]
[Site "Timbo"]
[Date "2022.02.18"]
[Round "2"]
[White "Kim, Andre"]
[Black "Gauche, Charles"]
[Result "0-1"]
[WhiteElo "1104"]
[BlackElo "2240"]
[PlyCount "76"]
[EventDate "2022.02.17"]
[EventType "swiss"]
[EventRounds "7"]
[EventCountry "BRA"]
[SourceTitle "EXT 2023"]
[Source "ChessBase"]
[SourceDate "2022.10.05"]
[SourceVersion "1"]
[SourceVersionDate "2022.10.05"]
[SourceQuality "1"]

1. d4 d5 2. Nf3 c6 3. e3 Bg4 4. c4 e6 5. Nc3 Nd7 6. b3 Ngf6 7. Be2 Bb4 8. Bd2 0-0 9. 0-0 Re8 10. h3 Bh5 11. Rc1 Bg6 12. Nh4 Ba3 13. Ra1 Bb2 14. Nxg6 Bxa1 15. Qxa1 hxg6 16. Qb1 e5 17. Qd3 e4 18. Qc2 a6 19. a4 Nf8 20. f3 exf3 21. Rxf3 Ne6 22. cxd5 cxd5 23. Bd3 Rc8 24. Qb1 Ng5 25. Rf1 Nge4 26. Nxe4 Nxe4 27. Bxe4 Rxe4 28. a5 Re6 29. Re1 Qh4 30. Rc1 Rxc1+ 31. Qxc1 Rc6 32. Qb2 Qe4 33. b4 Rc2 34. Qb1 Rxd2 35. Qf1 Qxe3+ 36. Kh1 Qxd4 37. Kh2 Qe5+ 38. Kh1 Ra2 0-1

[Event "Florianopolis op 7th"]
[Site "Florianopolis"]
[Date "2021.01.23"]
[Round "9"]
[White "Monteiro, Helen Ramazzotte"]
[Black "Kim, Andre"]
[Result "1-0"]
[WhiteElo "1230"]
[BlackElo "1081"]
[PlyCount "91"]
[EventDate "2021.01.18"]
[EventType "swiss"]
[EventRounds "10"]
[EventCountry "BRA"]
[SourceTitle "CBM 200 Extra"]
[Source "ChessBase"]
[SourceDate "2021.03.31"]
[SourceVersion "1"]
[SourceVersionDate "2021.03.31"]
[SourceQuality "1"]

1. c4 e5 2. Nc3 Nf6 3. Nf3 Nc6 4. g3 Bb4 5. Bg2 0-0 6. d3 h6 7. 0-0 d6 8. Bd2 Bxc3 9. Bxc3 Be6 10. b4 a6 11. a4 Qd7 12. Re1 Bg4 13. Qc2 Bxf3 14. Bxf3 Qh3 15. Bg2 Qc8 16. b5 axb5 17. axb5 Ne7 18. c5 dxc5 19. Bxe5 Rxa1 20. Rxa1 b6 21. Bxf6 gxf6 22. Qd2 Qe6 23. Qxh6 f5 24. Qxe6 fxe6 25. Ra7 Rc8 26. Rb7 Kf7 27. h4 Nd5 28. Kf1 Nc3 29. Bc6 Kf6 30. Ke1 Nd5 31. Kd2 Ne7 32. Bf3 Ng6 33. Kc3 f4 34. d4 cxd4+ 35. Kxd4 e5+ 36. Kc4 Kf5 37. Bh5 Ne7 38. g4+ Kf6 39. g5+ Kf5 40. f3 e4 41. Bg4+ Ke5 42. Bxc8 Nxc8 43. Rxc7 Nd6+ 44. Kb4 exf3 45. exf3 Nf5 46. h5 1-0

[Event "Santa Catarina-ch 64th "]
[Site "Lages"]
[Date "2020.02.16"]
[Round "6"]
[White "Budag, Lucas Demetrio"]
[Black "Kim, Andre"]
[Result "1-0"]
[WhiteElo "1472"]
[BlackElo "1107"]
[PlyCount "35"]
[EventDate "2020.02.14"]
[EventType "swiss"]
[EventRounds "6"]
[EventCountry "BRA"]
[SourceTitle "CBM 195 Extra"]
[Source "ChessBase"]
[SourceDate "2020.05.31"]
[SourceVersion "1"]
[SourceVersionDate "2020.05.31"]
[SourceQuality "1"]

1. Nf3 d5 2. d4 Nf6 3. Nc3 Nc6 4. Bg5 Bg4 5. Bxf6 gxf6 6. e3 e5 7. e4 Bb4 8. Be2 Bxc3+ 9. bxc3 dxe4 10. Nd2 exd4 11. Nxe4 Bxe2 12. Qxe2 Kf8 13. 0-0 dxc3 14. Rad1 Qe7 15. Qe3 Ne5 16. Qh6+ Ke8 17. Nxf6+ Qxf6 18. Qxf6 1-0

[Event "Florianopolis op 6th"]
[Site "Florianopolis"]
[Date "2020.01.21"]
[Round "3"]
[White "Calcada, Henrique Galvan"]
[Black "Kim, Andre"]
[Result "1-0"]
[WhiteElo "1322"]
[BlackElo "1121"]
[PlyCount "81"]
[EventDate "2020.01.20"]
[EventType "swiss"]
[EventRounds "10"]
[EventCountry "BRA"]
[SourceTitle "CBM 194 Extra"]
[Source "ChessBase"]
[SourceDate "2020.03.31"]
[SourceVersion "1"]
[SourceVersionDate "2020.03.31"]
[SourceQuality "1"]

1. Nf3 Nc6 2. d4 d5 3. g3 Nf6 4. Bg2 h6 5. 0-0 Bg4 6. Ne5 e6 7. Nxg4 Nxg4 8. e3 Nf6 9. c4 Be7 10. Nc3 0-0 11. Qb3 Rb8 12. cxd5 exd5 13. Nxd5 Nxd5 14. Qxd5 Qxd5 15. Bxd5 Rfe8 16. a3 Bf6 17. Bd2 Ne7 18. Bg2 c6 19. Rac1 Rbd8 20. Rc2 Rd7 21. b4 a6 22. a4 Red8 23. Rb1 Rc8 24. b5 axb5 25. axb5 cxb5 26. Rxc8+ Nxc8 27. Rxb5 b6 28. Bh3 Rc7 29. Bxc8 Rxc8 30. Rxb6 Kf8 31. Kg2 Ke7 32. Bb4+ Kd7 33. Rb7+ Ke6 34. Kf3 Kf5 35. Rxf7 Rc2 36. Rf8 Kg5 37. h4+ Kf5 38. Be7 Rc6 39. Bxf6 Rxf6 40. Rxf6+ Kxf6 41. Kf4 1-0

[Event "Florianopolis Winter op 5th"]
[Site "Florianopolis"]
[Date "2019.08.30"]
[Round "2"]
[White "Kim, Andre"]
[Black "Kim, Thiago"]
[Result "0-1"]
[WhiteElo "1185"]
[BlackElo "1674"]
[PlyCount "38"]
[EventDate "2019.08.30"]
[EventType "swiss"]
[EventRounds "7"]
[EventCountry "BRA"]
[SourceTitle "EXT 2020"]
[Source "ChessBase"]
[SourceDate "2019.10.17"]
[SourceVersion "1"]
[SourceVersionDate "2019.10.17"]
[SourceQuality "1"]

1. e4 c5 2. Nf3 e6 3. Nc3 a6 4. Be2 Nc6 5. d3 d6 6. Be3 Nf6 7. h3 Be7 8. d4 cxd4 9. Nxd4 Nxd4 10. Bxd4 b5 11. Qd2 0-0 12. Be3 b4 13. Nd1 Nxe4 14. Qd3 d5 15. Bf3 Nf6 16. 0-0 Bd7 17. c3 Bb5 18. Qd2 Bxf1 19. Kxf1 Rb8 0-1

[Event "Sao Bento do Sul op 05"]
[Site "Sao Bento do Sul"]
[Date "2019.05.19"]
[Round "6"]
[White "Kim, Andre"]
[Black "Ptaszeck, Luciano Augusto"]
[Result "1-0"]
[WhiteElo "1250"]
[BlackElo "1184"]
[PlyCount "26"]
[EventDate "2019.05.17"]
[EventType "swiss"]
[EventRounds "7"]
[EventCountry "BRA"]
[SourceTitle "CBM 195 Extra"]
[Source "ChessBase"]
[SourceDate "2020.05.31"]
[SourceVersion "1"]
[SourceVersionDate "2020.05.31"]
[SourceQuality "1"]

1. e4 d5 2. exd5 Qxd5 3. Nc3 Qa5 4. Nf3 Be6 5. a3 c5 6. Ne5 g6 7. Qf3 Qc7 8. Ng4 Bg7 9. Bb5+ Nd7 10. Bxd7+ Qxd7 11. h3 Bxg4 12. hxg4 e5 13. d3 Ne7 1-0

[Event "Sao Bento do Sul op 05"]
[Site "Sao Bento do Sul"]
[Date "2019.05.17"]
[Round "2"]
[White "Kim, Andre"]
[Black "Cunha, Gustavo Mengarda"]
[Result "0-1"]
[WhiteElo "1250"]
[BlackElo "1071"]
[PlyCount "80"]
[EventDate "2019.05.17"]
[EventType "swiss"]
[EventRounds "7"]
[EventCountry "BRA"]
[SourceTitle "CBM 195 Extra"]
[Source "ChessBase"]
[SourceDate "2020.05.31"]
[SourceVersion "1"]
[SourceVersionDate "2020.05.31"]
[SourceQuality "1"]

1. e4 e5 2. Nf3 Nc6 3. Nc3 Nd4 4. Nxe5 Bb4 5. Bc4 Qg5 6. Nxf7 Qxg2 7. Rf1 Bxc3 8. bxc3 Qxe4+ 9. Be2 d6 10. d3 Qe7 11. cxd4 Bg4 12. Nxh8 Kd7 13. f3 Bh3 14. Rf2 Nf6 15. Bg5 Rxh8 16. Qd2 h6 17. Bxf6 Qxf6 18. 0-0-0 Qxd4 19. Qe1 Re8 20. a3 Qa1+ 21. Kd2 Qxa3 22. Qg1 Qa5+ 23. Kc1 Qb6 24. d4 c5 25. Qxg7+ Kc6 26. Qg6 Bd7 27. Re1 Re6 28. Bb5+ Qxb5 29. Rxe6 Bxe6 30. Qxe6 cxd4 31. Qe4+ Kd7 32. Qxd4 a5 33. Qg7+ Kc6 34. Qc3+ Kd7 35. Rg2 Qf1+ 36. Kb2 Qxg2 37. Qxa5 Qxf3 38. Qb5+ Ke6 39. Qe8+ Kd5 40. Qh5+ Qxh5 0-1